000 00644nam a2200277Ia 4500
005 20260324145737.0
008 008 260324s9999 xx 000 0 eng d
020 _a9781315666181
037 _aEBOOK
040 _aCRL
040 _beng
040 _cCRL
041 _2eng
041 _aeng
084 _qCRL
100 _aPatricia L. Rosenfield
_91224044
245 4 _aThe Management of Schistosomiasis
260 _bTaylor and Francis
260 _c1979
365 _a
365 _b180
856 _uhttp://www.taylorfrancis.com/books/9781315666181
942 _cEBOOK
999 _c1832363
_d1832363